[Event "AUTO-ADV-4899"]
[Site "http://www.queenalice.com/game.php?id=1864569"]
[Date "2025.10.20"]
[Round "1"]
[White "Pin"]
[Black "dosoldini"]
[Result "1-0"]
[WhiteElo "2014"]
[BlackElo "1659"]

1. e4 e5 2. Nc3 Nf6 3. f4 exf4 4. e5 Qe7 5. Nf3 Ng4 6. d4 g5 7. h3 Nf6 8. Be2
Ng8 9. O-O d6 10. exd6 cxd6 11. Re1 a6 12. Bb5+ axb5 13. Rxe7+ Nxe7 14. Nxg5 Ng6
15. Nxb5 Bd7 16. Nc7+ Ke7 17. Qe2+ 1-0

[Event "AUTO-ADV-4903"]
[Site "http://www.queenalice.com/game.php?id=1865389"]
[Date "2025.11.10"]
[Round "1"]
[White "Pin"]
[Black "SGF"]
[Result "1-0"]
[WhiteElo "2023"]
[BlackElo "1692"]

1. d4 d5 2. Nf3 f6 3. Nc3 Bd7 4. Bf4 c6 5. e3 Qb6 6. Na4 Qa5+ 7. c3 g5 8. Bg3 b5
9. Nc5 Bc8 10. Bd3 e6 11. b4 Qb6 12. Nxg5 fxg5 13. Qh5+ Ke7 14. Qxg5+ Nf6 15.
Be5 Nd7 16. Nxd7 Bxd7 17. Bxf6+ Ke8 18. Qg6+ hxg6 19. Bxg6# 1-0

[Event "AUTO-ADV-4903"]
[Site "http://www.queenalice.com/game.php?id=1865390"]
[Date "2025.11.10"]
[Round "1"]
[White "SGF"]
[Black "Pin"]
[Result "1-0"]
[WhiteElo "1696"]
[BlackElo "2008"]

1. e4 c5 2. Qf3 d6 3. Bc4 e6 4. e5 d5 5. Bb5+ Nc6 6. Ne2 Bd7 7. Bxc6 Bxc6 8. O-O
Qc7 9. Qg3 Ne7 10. a4 Nf5 11. Qf4 g6 12. Ng3 Bg7 13. Nxf5 gxf5 14. Nc3 Bxe5 15.
Qh4 d4 16. Nb5 Rg8 17. Nxc7+ Bxc7 18. g3 Rg4 19. Qxh7 O-O-O 20. Qxf7 Bd5 21. f3
Rgg8 22. d3 Rdf8 23. Qh5 Rh8 24. Qg5 Rfg8 25. Qf6 Rh7 26. c4 Bxg3 27. hxg3 Rgh8
28. Kf2 Rh2+ 29. Ke1 Rc2 30. Qxh8+ 1-0

[Event "AUTO-ADV-4903"]
[Site "http://www.queenalice.com/game.php?id=1865393"]
[Date "2025.11.10"]
[Round "1"]
[White "Pin"]
[Black "Daniel1962"]
[Result "1-0"]
[WhiteElo "1987"]
[BlackElo "1722"]

1. e4 e5 2. Nc3 Bc5 3. Nf3 d6 4. d4 exd4 5. Nxd4 Bxd4 6. Qxd4 f6 7. Bc4 Nc6 8.
Qd5 Ne5 9. Bb3 Ne7 10. Qd1 Bg4 11. f3 Bd7 12. Be3 N7c6 13. O-O Na5 14. Bd5 c6
15. f4 cxd5 16. fxe5 dxe5 17. Nxd5 Bc6 18. Qh5+ Kd7 19. Nxf6+ Kc7 20. Qxe5+ Kc8
21. Nd5 Bxd5 22. exd5 Nc4 23. Qc3 b5 24. b3 Qa5 25. Qxg7 Rd8 26. bxc4 bxc4 27.
Rab1 Rd7 28. Rf8+ Kc7 29. Qe5+ Rd6 30. Qe7+ Rd7 31. Bf4# 1-0

[Event "AUTO-ADV-4903"]
[Site "http://www.queenalice.com/game.php?id=1865394"]
[Date "2025.11.10"]
[Round "1"]
[White "Daniel1962"]
[Black "Pin"]
[Result "0-1"]
[WhiteElo "1797"]
[BlackElo "1978"]

1. d4 Nf6 2. Bf4 d5 3. Nc3 c6 4. Nf3 g6 5. Ne5 Bg7 6. e3 O-O 7. Be2 Nbd7 8. Nxd7
Bxd7 9. Bg4 Nxg4 10. Qd2 e5 11. dxe5 Nxe5 12. h3 Nc4 13. Qc1 Re8 14. b3 Bxc3+
15. Kf1 Bxa1 16. Qxa1 Qa5 17. h4 Nd2+ 18. Kg1 Re6 19. Be5 Qd8 20. Bg3 Ne4 21.
Kh2 Nxg3 22. Kxg3 Qc7+ 23. Kf3 Re4 24. Qf6 Bg4# 0-1

[Event "AUTO-OPEN-4624"]
[Site "http://www.queenalice.com/game.php?id=1865586"]
[Date "2025.11.15"]
[Round "1"]
[White "josebaron"]
[Black "Pin"]
[Result "1/2-1/2"]
[WhiteElo "2176"]
[BlackElo "1995"]

1. e4 c5 2. Nf3 d6 3. Bb5+ Bd7 4. Bxd7+ Nxd7 5. O-O Ngf6 6. Nc3 g6 7. d4 cxd4 8.
Nxd4 Bg7 9. Re1 O-O 10. a4 a6 11. a5 Rc8 12. Bg5 h6 13. Bxf6 Nxf6 14. Nf3 Nd7
15. Ra3 Bxc3 16. bxc3 Nf6 17. h3 Qd7 18. e5 dxe5 19. Qxd7 Nxd7 20. Nxe5 Nxe5 21.
Rxe5 Rc7 22. Rd5 1/2-1/2

[Event "AUTO-OPEN-4624"]
[Site "http://www.queenalice.com/game.php?id=1865587"]
[Date "2025.11.15"]
[Round "1"]
[White "Pin"]
[Black "josebaron"]
[Result "1/2-1/2"]
[WhiteElo "1987"]
[BlackElo "2182"]

1. d4 d5 2. c4 dxc4 3. Qa4+ Bd7 4. Qxc4 Nf6 5. Nf3 e6 6. Nc3 Nc6 7. Bg5 Be7 8.
e3 O-O 9. Be2 Nd5 10. Bxe7 Ncxe7 11. O-O Nxc3 12. Qxc3 a6 13. Ne5 Nc6 14. Bf3
Nxe5 15. dxe5 c6 16. Rfd1 Qc7 17. Rac1 Rac8 18. Be4 g6 19. f4 Rfd8 20. Bf3 Be8
1/2-1/2

[Event "AUTO-OPEN-4624"]
[Site "http://www.queenalice.com/game.php?id=1865614"]
[Date "2025.11.15"]
[Round "1"]
[White "Capixaba789"]
[Black "Pin"]
[Result "1-0"]
[WhiteElo "1919"]
[BlackElo "2038"]

1. d4 Nf6 2. Nc3 d5 3. f4 Bf5 4. Nf3 h6 5. e3 Nc6 6. Bd3 Qd7 7. Ne5 Nxe5 8. fxe5
Ne4 9. O-O Nxc3 10. Bxf5 Qxf5 11. bxc3 Qg6 12. a4 e6 13. Rf3 c5 14. Rg3 Qh7 15.
Ba3 b6 16. Qf3 Qxc2 17. Rf1 Qf5 18. Qe2 Qh7 19. Qb5+ Kd8 20. Rxf7 Be7 21. Rgxg7
Qc2 22. h3 Re8 23. Rxe7 Qd1+ 24. Kh2 Rxe7 25. Rg8+ Kc7 26. Rxa8 Kb7 27. Rf8 a6
28. Qb2 Qxa4 29. Bxc5 1-0

[Event "AUTO-OPEN-4624"]
[Site "http://www.queenalice.com/game.php?id=1865615"]
[Date "2025.11.15"]
[Round "1"]
[White "Pin"]
[Black "Capixaba789"]
[Result "1-0"]
[WhiteElo "2017"]
[BlackElo "1940"]

1. d4 d5 2. c4 Nf6 3. cxd5 Nxd5 4. e4 Nb6 5. Nf3 e6 6. Bd3 Be7 7. O-O O-O 8. Be3
Nc6 9. Nc3 Nb4 10. Bb1 f5 11. a3 Nc6 12. Qc2 fxe4 13. Nxe4 g6 14. Neg5 Bxg5 15.
Nxg5 Nd5 16. Nxh7 Rf5 17. g4 Kxh7 18. gxf5 exf5 19. Qd3 Qf6 20. Rd1 Nxe3 21.
Qxe3 Bd7 22. Ba2 f4 23. Qb3 Nxd4 24. Qf7+ Qxf7 25. Bxf7 Nf3+ 26. Kg2 Bc6 27. Bd5
Nh4+ 28. Kh3 Nf5 29. Bxc6 bxc6 30. Kg4 Rb8 31. b4 1-0

[Event "AUTO-ADV-4904"]
[Site "http://www.queenalice.com/game.php?id=1865729"]
[Date "2025.11.18"]
[Round "1"]
[White "Pin"]
[Black "Castling"]
[Result "1-0"]
[WhiteElo "1982"]
[BlackElo "1677"]

1. d4 d5 2. e3 a6 3. c4 e6 4. Nf3 Nf6 5. Nc3 Bb4 6. Bd3 h6 7. Bd2 Nc6 8. O-O Bd7
9. a3 Bxc3 10. bxc3 Qe7 11. cxd5 Nxd5 12. e4 Nf6 13. Re1 e5 14. dxe5 Nxe5 15.
Nxe5 Qxe5 16. f4 Qc5+ 17. Kh1 Bg4 18. Qa4+ Bd7 19. Qc2 O-O-O 20. Be3 Qe7 21.
Reb1 Ne8 22. Ba7 Nd6 23. Bxa6 Bc6 24. e5 Be4 25. Qb2 bxa6 26. exd6 Qxd6 27. Rd1
Qxf4 28. Qb8# 1-0